[Event "Bayern-chI Bank Hofmann 4th"]
[Site "Bad Wiessee"]
[Date "2000.11.29"]
[Round "2"]
[White "Doettling, Gustav"]
[Black "Tauber, Manfred"]
[Result "0-1"]
[WhiteElo "2068"]
[BlackElo "2241"]
[PlyCount "106"]
[EventDate "2000.10.28"]
[EventType "swiss"]
[EventRounds "9"]
[EventCountry "GER"]
[SourceTitle "EXT 2003"]
[Source "ChessBase"]
[SourceDate "2002.11.25"]
[SourceVersion "1"]
[SourceVersionDate "2002.11.25"]
[SourceQuality "1"]

1. Nf3 Nf6 2. b3 g6 3. Bb2 Bg7 4. e3 0-0 5. Be2 d6 6. d4 c5 7. 0-0 cxd4 8. exd4 Bf5 9. c4 Nc6 10. a3 Re8 11. d5 Nb8 12. Nc3 Bg4 13. h3 Bxf3 14. Bxf3 Nbd7 15. g3 a6 16. Rb1 Rc8 17. g4 h6 18. Ne4 Nxe4 19. Bxe4 Bxb2 20. Rxb2 Qa5 21. Qc2 Kg7 22. Ra1 Nf6 23. b4 Qb6 24. Qd3 Rc7 25. Bg2 Rec8 26. Rc1 a5 27. Bf1 axb4 28. axb4 Qa7 29. Rbc2 Qa4 30. Qd2 b6 31. Ra2 Qd7 32. Qd4 Ra7 33. Rxa7 Qxa7 34. Ra1 Qb7 35. h4 Kg8 36. Bd3 Nd7 37. f4 Ra8 38. Re1 Nf8 39. c5 bxc5 40. bxc5 dxc5 41. Qxc5 Qb3 42. Qc4 Qa3 43. Re4 Rb8 44. Kg2 Rb3 45. Rd4 Rc3 46. Qa6 Qb2+ 47. Kg3 Rc1 48. Rc4 Rg1+ 49. Kf3 Qg2+ 50. Ke3 Qg3+ 51. Kd4 Qxf4+ 52. Kc5 Qe3+ 53. Rd4 Rxg4 0-1

[Event "Dortmund Sparkassen op-A"]
[Site "Dortmund"]
[Date "2000.07.13"]
[Round "6"]
[White "Doettling, Gustav"]
[Black "Klempt, Guenter"]
[Result "1-0"]
[WhiteElo "2068"]
[BlackElo "2089"]
[PlyCount "121"]
[EventDate "2000.07.07"]
[EventType "swiss"]
[EventRounds "10"]
[EventCountry "GER"]
[SourceTitle "EXT 2001"]
[Source "ChessBase"]
[SourceDate "2000.11.22"]
[SourceVersion "1"]
[SourceVersionDate "2000.11.22"]
[SourceQuality "1"]

1. d4 g6 2. c4 Bg7 3. Nc3 Nf6 4. e4 d6 5. Bd3 0-0 6. Nge2 c5 7. d5 Na6 8. f3 Nc7 9. Be3 Bd7 10. Qd2 a6 11. a4 Rb8 12. 0-0 b5 13. axb5 axb5 14. cxb5 Nxb5 15. Ra2 Qc7 16. Bc4 Rb7 17. Bh6 Bxh6 18. Qxh6 Rfb8 19. b3 Nxc3 20. Nxc3 Ra7 21. Rfa1 Rba8 22. Qd2 Qb6 23. Rxa7 Rxa7 24. Rxa7 Qxa7 25. Qa2 Qxa2 26. Nxa2 Ne8 27. Nc3 Nc7 28. Kf2 Kg7 29. g4 Kf6 30. h4 h6 31. Ke3 e6 32. f4 exd5 33. g5+ hxg5 34. hxg5+ Ke7 35. exd5 Ne8 36. Bd3 Ng7 37. Ne2 Bf5 38. Ng3 Bc8 39. Be4 Bh3 40. Kd3 Kd8 41. Kc3 Nh5 42. Nxh5 gxh5 43. f5 Ke7 44. b4 cxb4+ 45. Kxb4 Bg4 46. Kb5 h4 47. Kc6 h3 48. f6+ Ke8 49. Kxd6 h2 50. Ke5 Bh5 51. Kf4 Bg6 52. Bh1 Kd7 53. Kg3 Kd6 54. Kxh2 Ke5 55. Kg3 Bf5 56. Bf3 Bd7 57. Kh4 Be8 58. Kh5 Kd6 59. Kh6 Ke5 60. Kg7 Kf5 61. Kf8 1-0

[Event "Boeblingen op 14th"]
[Site "Boeblingen"]
[Date "1997.??.??"]
[Round "?"]
[White "Huber, Martin"]
[Black "Doettling, Gustav"]
[Result "1-0"]
[WhiteElo "2255"]
[BlackElo "2105"]
[PlyCount "67"]
[EventDate "1997.12.??"]
[EventType "swiss"]
[EventRounds "9"]
[EventCountry "GER"]
[SourceTitle "EXT 2001"]
[Source "ChessBase"]
[SourceDate "2000.11.22"]
[SourceVersion "1"]
[SourceVersionDate "2000.11.22"]
[SourceQuality "1"]

1. d4 d5 2. Nf3 c6 3. Bg5 Qb6 4. Qc1 Bg4 5. Nbd2 Nd7 6. e3 Ngf6 7. Bd3 e6 8. 0-0 Bd6 9. c4 Qc7 10. c5 Be7 11. Qc2 Bxf3 12. Nxf3 e5 13. dxe5 Nxe5 14. Nxe5 Qxe5 15. Bf4 Qh5 16. Qb3 Bxc5 17. Qxb7 0-0 18. Qxc6 Rfc8 19. Qb7 Qg4 20. h3 Qe6 21. Rfc1 Bb6 22. Ba6 Rxc1+ 23. Rxc1 Rf8 24. a4 Nh5 25. Bh2 Bxe3 26. Re1 Bxf2+ 27. Kxf2 Qf6+ 28. Kg1 Qd4+ 29. Kh1 Qd2 30. Rf1 Nf6 31. Bf4 Qd4 32. Bd6 Ne4 33. Qe7 Nxd6 34. Qxd6 1-0